An inventory of the effects of Joseph Knibb of Fenny-Compton in the county of Warwick (grazier) taken by George Fessey and Embery Payne both of the parish of Priors Hardwick in y said county July the 21st 1777 (Record no. 116566)

MARC details
000 -LEADER
fixed length control field 00718ctm a22002175a 4500
001 - CONTROL NUMBER
control field L141066
008 - FIXED-LENGTH DATA ELEMENTS--GENERAL INFORMATION
fixed length control field 071026s1777 xxk eng u
035 ## - SYSTEM CONTROL NUMBER
System control number (Sirsi) u141066
041 0# - LANGUAGE CODE
Language code of text/sound track or separate title eng
100 1# - MAIN ENTRY--PERSONAL NAME
Personal name Fessey, George
245 03 - TITLE STATEMENT
Title An inventory of the effects of Joseph Knibb of Fenny-Compton in the county of Warwick (grazier) taken by George Fessey and Embery Payne both of the parish of Priors Hardwick in y said county July the 21st 1777
Medium [manuscript]
260 ## - PUBLICATION, DISTRIBUTION, ETC.
Date of publication, distribution, etc. 1777
300 ## - PHYSICAL DESCRIPTION
Extent 2 leaves
Dimensions 33 x 21 cm.
340 ## - PHYSICAL MEDIUM
Material base and configuration Manuscript
351 ## - ORGANIZATION AND ARRANGEMENT OF MATERIALS
Hierarchical level Single item
500 ## - GENERAL NOTE
General note Item presented by E. G. Collier.
651 4# - SUBJECT ADDED ENTRY--GEOGRAPHIC NAME
Geographic name Warwickshire
690 ## - LOCAL SUBJECT ADDED ENTRY--TOPICAL TERM (OCLC, RLIN)
Topical term or geographic name as entry element PROPERTY
700 1# - ADDED ENTRY--PERSONAL NAME
Personal name Payne, Embery
942 ## - ADDED ENTRY ELEMENTS (KOHA)
Suppress in OPAC 0
Holdings
Withdrawn status Lost status Source of classification or shelving scheme Damaged status Not for loan Home library Current library Shelving location Date acquired Total Checkouts Full call number Barcode Date last seen Copy number Price effective from Koha item type
    Dewey Decimal Classification     London London Basement 26/10/2007   BASEMENT BOX 4 141066-1001 06/08/2019 1 06/08/2019 Archive